|
|
|
|
| LEADER |
00000cam a2200000 7i4500 |
| 001 |
0000003786 |
| 005 |
20110621.0 |
| 020 |
0 |
0 |
|a 9834196571
|
| 090 |
0 |
0 |
|a 598.09595115
|b AVIF 2006
|
| 245 |
1 |
4 |
|a Panduan pengecaman lapangan :
|b avifauna
|
| 260 |
0 |
0 |
|a Kuala Lumpur :
|b Jabatan Perlindungan Hidupan Liar dan Taman Negara ,
|c 2006
|
| 300 |
|
|
|a xvi, 242 p. :
|b ill.col ;
|c 22 cm.
|
| 500 |
0 |
0 |
|a Di kepala judul kulit depan : Paya Indah Wetlands
|
| 650 |
0 |
0 |
|a Birds
|z Selangor
|
| 650 |
0 |
0 |
|a Wetlands birds
|z Selangor
|
| 998 |
|
|
|a JPSM
|
| 999 |
|
|
|a 007332
|b Monograph
|c Open Shelf
|e Default branch
|